First UFC Champions - Statistics

General Stats
  • This quiz has been taken 77 times
  • The average score is 8 of 12
Answer Stats
Weight Class Year Answer % Correct
Flyweight 2012 Demetrious Johnson
90%
Bantamweight 2010 Dominick Cruz
84%
Women's Bantamweight 2012 Ronda Rousey
83%
Featherweight 2010 Jose Aldo
81%
Heavyweight 1997 Mark Coleman
76%
Light Heavyweight 1997 Frank Shamrock
69%
Lightweight 2001 Jens Pulver
59%
Welterweight 1998 Pat Miletich
50%
Women's Strawweight 2014 Carla Esparza
49%
Women's Featherweight 2017 Germaine de Randamie
43%
Middleweight 2001 Dave Menne
34%
Women's Flyweight 2017 Nicco Montano
33%
No matching quizzes found
Score Distribution
Percent of People with Each Score
Percentile by Number Answered
Your Score History
You have not taken this quiz